00603nam a2200157Ia 4500008004100000082002100041100001600062245004800078260004400126300001000170630002800180650009300208942000900301952011800310999001700428211109s9999||||xx |||||||||||||| ||und|| a894.81207bSHA-K aSharma, V S 0aKunchan Nampiyarum Adhehathinte Krithikalum bSahithya Pravarthaka...aKottayamc1978 a374p. xPost Graduate Reference aMalayalam LiteraturevMalayalam Literature StudiesxMalayalam Literary ResearchMalayalam cBOOK 00104070aSBCLbSBCLc3d2021-11-09g20.00l0o894.81207 SHA-Kp00065364r2021-11-09 00:00:00w2021-11-09yBOOK c80685d80685